Taylor Swift Ex-Boyfriends - Sudden Death - Statistics

General Stats
  • This quiz has been taken 425 times
  • The average score is 7 of 10
Answers on the Grid
Answers color-coded by a green-red scale on the quiz's grid according to % correct below.
Joe Alwyn
Joe Jonas
Nick Jonas
Jason Kelce
Calvin Harris
Jake Gyllenhaal
John Mayer
Zayn
Harry Styles
Jack Antonoff
Tim McGraw
Ed Sheeran
Aaron Dessner
Taylor Lautner
Drew Hardwick
Matty Healy
Chris Stapleton
Tom Hiddleston
Conor Kennedy
Post Malone
Bon Iver
 
Answer Stats
Answer % Correct
2010 Jake Gyllenhaal
83%
2012 - 2013 Harry Styles
82%
2016 - 2023 Joe Alwyn
82%
2008 Joe Jonas
82%
2009 - 2010 John Mayer
74%
2015 - 2016 Calvin Harris
72%
2009 Taylor Lautner
72%
2016 Tom Hiddleston
59%
2023 Matty Healy
55%
2012 Conor Kennedy
38%
No matching quizzes found
Score Distribution
Percent of People with Each Score
Percentile by Number Answered
Your Score History
You have not taken this quiz